000
00252nam a2200097zu 4500
008
260113b1973 mx a|||b i||| 001 0 spa d
245
_a
UN NUEVO TESORO DE LA JUVENTUD
260
_a
MÉXICO:
_b
JACKSON, W. M. INC
_c
1973
300
_a
352
942
_2
ddc
_c
COMP
999
_c
68456
_d
68456